|
|
|
|
| LEADER |
00000cab a2200000 a 4500 |
| 001 |
vtls001028787 |
| 003 |
SK-MaSNL |
| 005 |
20260304174250.0 |
| 008 |
040720e20010314xo 0 slo |
| 035 |
|
|
|a SL7341
|
| 040 |
|
|
|a SLLK
|b slo
|d SNK
|e AACR2
|
| 041 |
|
|
|a slo
|
| 044 |
|
|
|a xo
|c SK
|
| 080 |
|
|
|a 343.3
|2 2011
|
| 100 |
0 |
|
|a (sk)
|4 aut
|9 818831
|
| 245 |
1 |
0 |
|a R. Žiak tvrdí: Vyšetrovanie riadi V. Palko
|b funkcionár HZDS chápe svoje stíhanie za sabotáž ako mediálnu hru
|c (sk)
|
| 300 |
|
|
|b 1 foto
|
| 590 |
|
|
|a Žiak, Rudolf 1954-
|
| 600 |
1 |
7 |
|a Žiak, Rudolf,
|d 1955-
|2 SLLK
|9 198906
|
| 650 |
0 |
7 |
|a kauzy
|2 SLLK
|9 1016128
|
| 655 |
|
7 |
|a články z novín a časopisov
|2 snkbucl
|9 267496
|
| 655 |
|
7 |
|a informácie
|2 SLLK
|9 336188
|
| 700 |
0 |
|
|a (múč)
|4 pht
|9 1505467
|
| 773 |
0 |
8 |
|t Nový Čas
|g Roč. 11, č.61, 14.3.2001, s. 2
|
| 850 |
|
|
|a Slovenská národná knižnica
|
| 852 |
|
|
|a ZVYKNI
|b KIS3GCP
|
| 999 |
|
|
|c 3007828
|d 3009758
|